کشمیری سرمے الفاظ کے سرچشمے / (Record no. 106153)

MARC details
000 -LEADER
fixed length control field 00935nam a22002657a 4500
005 - DATE AND TIME OF LATEST TRANSACTION
control field 20170123162303.0
010 ## - LIBRARY OF CONGRESS CONTROL NUMBER
LC control number A-842736
020 ## - INTERNATIONAL STANDARD BOOK NUMBER
Terms of availability 140.00
035 ## - SYSTEM CONTROL NUMBER
System control number A-842736
037 ## - SOURCE OF ACQUISITION
Source of stock number/acquisition Cen Lib/Ret
040 ## - CATALOGING SOURCE
Original cataloging agency DPL
Language of cataloging UR
082 ## - DEWEY DECIMAL CLASSIFICATION NUMBER
Classification number 468
Item number م ل ک
100 ## - MAIN ENTRY--PERSONAL NAME
Personal name ملک، نذیر احمد
9 (RLIN) 108260
245 ## - TITLE STATEMENT
Title کشمیری سرمے الفاظ کے سرچشمے /
Statement of responsibility, etc ناظر احمد ملک
246 ## - VARYING FORM OF TITLE
Title proper/short title Kashimri - e- sarmay alfaz ke sarchashme /
Remainder of title by Nazir Ahmad Malik
260 ## - PUBLICATION, DISTRIBUTION, ETC. (IMPRINT)
Place of publication, distribution, etc دہلی
Name of publisher, distributor, etc ایجوکیشنل پبلشنگ ہاؤس
Date of publication, distribution, etc 1993
270 ## - ADDRESS
City دہلی
Address ٣١٩١ گلی عزیزددیں کچہ پنڈت لال کوان
Postal code 110006
300 ## - PHYSICAL DESCRIPTION
Extent 127p.
Dimensions 19cm(Hb)
500 ## - GENERAL NOTE
General note اشاریہ شامل
650 ## - SUBJECT ADDED ENTRY--TOPICAL TERM
Topical term or geographic name as entry element اردو ادب
9 (RLIN) 108261
650 ## - SUBJECT ADDED ENTRY--TOPICAL TERM
Topical term or geographic name as entry element اردو زبان
9 (RLIN) 547
650 ## - SUBJECT ADDED ENTRY--TOPICAL TERM
Topical term or geographic name as entry element Urdu litarature
9 (RLIN) 108262
650 ## - SUBJECT ADDED ENTRY--TOPICAL TERM
Topical term or geographic name as entry element Urdu language
9 (RLIN) 108263
942 ## - ADDED ENTRY ELEMENTS (KOHA)
Source of classification or shelving scheme Dewey Decimal Classification
Koha item type Urdu Bks
Classification part 468
Call number suffix م ل ک
Holdings
Withdrawn status Lost status Damaged status Not for loan Home library Current library Date acquired Source of acquisition Cost, normal purchase price Total Checkouts Full call number Barcode Date last seen Copy number Cost, replacement price Price effective from Koha item type
        Central Library Central Library 15/12/2015 Cen Lib/Ret 140.00   468 م ل ک A-842736 15/12/2015 1 140.00 15/12/2015 Urdu Bks

© Delhi Public Library
Hit Counter
free hit counter